000 00798nam a2200217Ia 4500
003 GCL
008 140319s9999 xx 000 0 ara d
040 _aGCL /
_cGCL
082 0 4 _a301.243
_bا ع
100 1 _aادم مهدى احمد
245 1 0 _aالعولمة وعلاقتها بالهيمنة التكنولوجية /
_cادم مهدى احمد
260 _aالقاهرة :
_bالشركة العالمية للنشر والتوزيع والاعلان ،
_c2001
300 _a102 ص ؛
_c24 سم
650 0 4 _aالتكنولوجيا
650 0 4 _aالتجارة الخارجية
650 0 4 _aالشركات الدولية
650 0 4 _aمنظمة التجارة العالمية
650 0 4 _aالعولمة
650 0 4 _aالتكنولوجيا - العولمة
942 _2ddc
_cBK
999 _c5645
_d5645